| 000 | 006270000a22001810004500 | ||
|---|---|---|---|
| 003 | MACL | ||
| 005 | 20160205121545.0 | ||
| 008 | 160205b xxu||||| |||| 00| 0 eng d | ||
| 040 |
_aMACL _cMACL |
||
| 041 | _aHindi | ||
| 082 | _a020 | ||
| 100 |
_aसेयर्स डब्ल्यू. सी. बरविक _936953 |
||
| 245 | _aग्रन्थालय वर्गीकरण की भुमिका | ||
| 260 |
_bमध्यप्रदेश हिन्दी ग्रन्थ _aभोपाल |
||
| 350 | _a1984 | ||
| 650 |
_aLibrary & Inf Science _936940 |
||
| 942 |
_cHIN _k020 _2ddc |
||
| 999 |
_c29410 _d29410 |
||